| 000 | 00812nas a2200265 4500 | ||
|---|---|---|---|
| 001 | BR9508810 | ||
| 003 | BR-BrBNA | ||
| 005 | 20231205095512.0 | ||
| 007 | ta | ||
| 008 | 230509b bl.|||p| |||| 00| 00por d | ||
| 040 |
_aBR-BrBNA _bpor _cBiblioteca Nacional de Agricultura |
||
| 041 | _a(Pt) | ||
| 072 | _aP33 | ||
| 100 | 1 | _aChitolina, J.C. | |
| 100 | 1 | _aMoraes, A.L. de | |
| 100 | 1 | _aLavorenti, A. | |
| 245 | 1 | _aEliminacao da materia organica de solos para determinacao da capacidade de troca de cations da fracao mineral | |
| 650 | _aMateria Organica | ||
| 650 | _aSolo | ||
| 650 | _aCation | ||
| 650 | _aAnalise do Solo | ||
| 773 | 0 |
_tRevista de Agricultura (Brazil) _xISSN 0034-7655 _g(Jun 1995), v. 70(1) p. 21-36 _wBR9508810 |
|
| 909 |
_a202311 _bLúcia _c55 _dLúcia Elande |
||
| 942 |
_2AGRIS _n0 _cANA |
||
| 999 |
_c151081 _d151081 |
||